Salta al contenuto

Стандарты аудита: структурно-логические схемы и взимосвязи с правовыми актами бухгалтерского учета и гражданского законодательства Ч. 2 Стандарты аудита: структурно-логические схемы и взимосвязи с правовыми актами бухгалтерского учета и гражданского законодательства

Учебное пособие является частью учебно-методического комплекса по дисциплинам «Аудит» для студентов, обучающихся по направлению подготовки 38.05.01 «Экономическая безопаснгость», направлению подготовки бакалавриата 38.03.01 «Экономика», направлению продготовки магистратура 38.04.01 «Экономика» Магис...

Descrizione completa

Salvato in:
Dettagli Bibliografici
Autore principale: Бокач А. С.
Altri autori: Бокач С. Б.
Natura: Книга
Lingua:Russian
Pubblicazione: Благовещенск АмГУ 2017
Accesso online:https://e.lanbook.com/book/156577
https://e.lanbook.com/img/cover/book/156577.jpg
Tags: Aggiungi Tag
Nessun Tag, puoi essere il primo ad aggiungerne! !
LEADER 03167nam0a2200253 i 4500
001 156577
003 RuSpLAN
005 20221220174107.0
008 221220s2017 ru gs 000 0 rus
040 |a RuSpLAN 
041 0 |a rus 
044 |a ru 
084 |a 65.053 я 73  |2 rubbk 
245 1 |a Стандарты аудита: структурно-логические схемы и взимосвязи с правовыми актами бухгалтерского учета и гражданского законодательства  |c Бокач А. С.,Бокач С. Б.   |n Ч. 2  |p Стандарты аудита: структурно-логические схемы и взимосвязи с правовыми актами бухгалтерского учета и гражданского законодательства 
260 |a Благовещенск  |b АмГУ  |c 2017 
300 |a 369 с. 
504 |a Библиогр.: доступна в карточке книги, на сайте ЭБС Лань 
520 8 |a Учебное пособие является частью учебно-методического комплекса по дисциплинам «Аудит» для студентов, обучающихся по направлению подготовки 38.05.01 «Экономическая безопаснгость», направлению подготовки бакалавриата 38.03.01 «Экономика», направлению продготовки магистратура 38.04.01 «Экономика» Магистр очной, заочной и сокращенной форм обучения. Содержит схематичное изложение Федерального закона «Об аудиторской деятельности» №307-Ф3, действующие Федеральные правила (стандарты) аудиторской деятельности. По каждому стандарту и закону приведены структура и схемы, отражающие суть и содержание стандарта, процедуры и действия аудитора, связь с другими нормативно-правовыми актами и между собой. К каждому стандарту разработан тест для проверки и закрепления знаний. Пособие предназначено для студентов, слушателей учебно-методических центров и курсов повышения квалификации аудиторов. Может оказать практическую помощь действующим аудиторам при проведении аудиторских проверок. 
521 8 |a Книга из коллекции АмГУ - Экономика и менеджмент 
100 1 |a Бокач А. С. 
700 1 |a Бокач С. Б. 
856 4 |u https://e.lanbook.com/book/156577 
856 4 8 |u https://e.lanbook.com/img/cover/book/156577.jpg 
953 |a https://e.lanbook.com/img/cover/book/156577.jpg